| 000 | 00838cab a2200265 4500 | ||
|---|---|---|---|
| 001 | ABS55333 | ||
| 008 | 090401t1996 xxu||||| |||| 00| 0 eng d | ||
| 035 | _a(Sirsi) u15817 | ||
| 041 | _aeng | ||
| 100 | _aPorter, R. | ||
| 245 | _aAttracting investors | ||
| 260 | _c1996 | ||
| 350 | _a0 | ||
| 490 |
_aEstates Gazette _v(9625) 22 June 1996, 160-161(2) |
||
| 520 | _aOffers practical advice to developers on attracting potential investors. Covers agreements for leases, fitting-out, insurance, warranties, consents, practical completion and leases. | ||
| 650 | _aFITTING-OUT | ||
| 650 | _aINVESTMENT | ||
| 650 | _aINVESTORS | ||
| 650 | _aLANDLORD AND TENANT (COVENANTS) ACT 1995 | ||
| 650 | _aLEASES | ||
| 690 | _aPROPERTY-PROPERTY FINANCE AND INVESTMENT | ||
| 700 | _aHeighton, M. | ||
| 942 | _n0 | ||
| 948 | _c04/03/1997 | ||
| 999 |
_c10409 _d10409 |
||